Energy law in Pakistan / (Record no. 591664)
[ view plain ]
| 000 -LEADER | |
|---|---|
| fixed length control field | 01175cam a2200313 a 4500 |
| 001 - CONTROL NUMBER | |
| control field | 17246363 |
| 005 - DATE AND TIME OF LATEST TRANSACTION | |
| control field | 20221011111537.0 |
| 008 - FIXED-LENGTH DATA ELEMENTS--GENERAL INFORMATION | |
| fixed length control field | 120407s2012 ne b 001 0 eng |
| 010 ## - LIBRARY OF CONGRESS CONTROL NUMBER | |
| LC control number | 2012382264 |
| 020 ## - INTERNATIONAL STANDARD BOOK NUMBER | |
| International Standard Book Number | 9789041138828 (pbk.) |
| 020 ## - INTERNATIONAL STANDARD BOOK NUMBER | |
| International Standard Book Number | 904113882X (pbk.) |
| 040 ## - CATALOGING SOURCE | |
| Original cataloging agency | DLC |
| Transcribing agency | DLC |
| 042 ## - AUTHENTICATION CODE | |
| Authentication code | pcc |
| 043 ## - GEOGRAPHIC AREA CODE | |
| Geographic area code | a-pk--- |
| 050 00 - LIBRARY OF CONGRESS CALL NUMBER | |
| Classification number | KPL1034 |
| Item number | .A975 |
| 082 ## - DEWEY DECIMAL CLASSIFICATION NUMBER | |
| Classification number | 343.5491092 |
| Author Mark | ARI |
| 100 1# - MAIN ENTRY--PERSONAL NAME | |
| Personal name | Arif, Muhammad. |
| 9 (RLIN) | 99803 |
| 245 10 - TITLE STATEMENT | |
| Title | Energy law in Pakistan / |
| Statement of responsibility, etc. | Muhammad Arif, Sohaib Qadar, Shahid Mahmood. |
| 260 ## - PUBLICATION, DISTRIBUTION, ETC. | |
| Place of publication, distribution, etc. | Alphen aan den Rijn : |
| Name of publisher, distributor, etc. | Kluwer Law International ; |
| Place of publication, distribution, etc. | Frederick, MD : |
| Name of publisher, distributor, etc. | Sold and distributed in North, Central and South America by: Aspen Publishers, |
| Date of publication, distribution, etc. | c2012. |
| 300 ## - PHYSICAL DESCRIPTION | |
| Extent | 382 p. ; |
| Dimensions | 24 cm. |
| 504 ## - BIBLIOGRAPHY, ETC. NOTE | |
| Bibliography, etc. note | Includes bibliographical references and index. |
| 650 #0 - SUBJECT ADDED ENTRY--TOPICAL TERM | |
| Topical term or geographic name entry element | Power resources |
| General subdivision | Law and legislation |
| Geographic subdivision | Pakistan. |
| 9 (RLIN) | 99804 |
| 650 #0 - SUBJECT ADDED ENTRY--TOPICAL TERM | |
| Topical term or geographic name entry element | Energy industries |
| General subdivision | Law and legislation |
| Geographic subdivision | Pakistan. |
| 9 (RLIN) | 99805 |
| 700 1# - ADDED ENTRY--PERSONAL NAME | |
| Personal name | Qadar, Sohaib. |
| 9 (RLIN) | 99806 |
| 700 1# - ADDED ENTRY--PERSONAL NAME | |
| Personal name | Mahmood, Shahid. |
| 9 (RLIN) | 15363 |
| 906 ## - LOCAL DATA ELEMENT F, LDF (RLIN) | |
| a | 7 |
| b | cbc |
| c | origres |
| d | 2 |
| e | ncip |
| f | 20 |
| g | y-gencatlg |
| 942 ## - ADDED ENTRY ELEMENTS (KOHA) | |
| Source of classification or shelving scheme | |
| Koha item type | Book |
| Withdrawn status | Lost status | Source of classification or shelving scheme | Damaged status | Not for loan | Permanent Location | Current Location | Shelving location | Date acquired | Source of acquisition | Total Checkouts | Full call number | Barcode | Date last seen | Date last checked out | Price effective from | Koha item type |
|---|---|---|---|---|---|---|---|---|---|---|---|---|---|---|---|---|
| NUST Law School (NLS) | NUST Law School (NLS) | Chinese Studies | 10/11/2022 | Donated BY China Embassy | 1 | 343.5491092 ARI | CL-D-1890 | 04/09/2025 | 02/26/2025 | 10/11/2022 | Book |
